MDQL
is popping MORE tags! Check the
thread
!
Quizzes
Events
Quiz Creation
Community
Videos
Private Events
Remove Ads
Sign In
Join for FREE
Feedback
Dark Mode
Quiz Categories
Sports
Geography
Music
Movies
Television
Just For Fun
Miscellaneous
History
Literature
Language
Science
Gaming
Entertainment
Religion
Holiday
For Kids
Quiz Lab
Recent
Popular Today
Quiz Kudos Today
Editor Picks
Curator Picks
Quizzes by...
Day
Popularity
Type
Ratings
Length
Year
Community
Subscriptions
Recent Discussions
Orange Saloon
Badges
Playlists
Quests
Create
Leaderboards
Showdown
Live 5
Trivia Bingo
Activity
Puzzle Library
Sporcle Events
Private Events
Virtual Trivia
Globe League
Become a Host
Pub Owners
SporcleCon
Opinionation
Our Games
Videos
Blog
Mobile Apps
Partnerships
Remove Ads and Go Orange
Feedback
Literature
Harry Potter
A Song of Ice and Fire
The Hunger Games
Literary Character
Shakespeare
Book
Author
Novel
Poem
Young Adult
Children's Books
Play
Lord of the Rings
Literature
Harry Potter
A Song of Ice and Fire
The Hunger Games
Literary Character
Shakespeare
Book
Author
Novel
Poem
Young Adult
Children's Books
Play
Lord of the Rings
Random Quiz
Search Sporcle
×
Quiz Lab
Quiz Lab
Literature
Famous
Type in answers that appear in a list
Type in answers that appear in a list
Classic
Best Score? Go Orange.
Famous Authors and Works Stats
Can you name the famous authors given their works?
By
handofblood
20m
134 Questions
140 Plays
140 Plays
140 Plays
Comments
Comments
Give Quiz Kudos
Give Quiz Kudos
-
- Ratings
hide this ad
Forced Order
Answers have to be entered in order
Answers have to be entered in order
Random Order
Randomize order of answers
Randomize order of answers
Replay
Link that replays current quiz
Next Quiz
Link to next quiz in quiz playlist
You Got
0%
They Got
Avg Score
52%
Avg Friend Score
Upgrade to see
Score Distribution
Jump to the score distribution portion of the page
Score
0/134
Timer
20:00
0
Plays Today
Work
Author
% Correct
The Lord of the Rings
J. R. R. Tolkien
96.4%
Pride and Prejudice
Jane Austen
94.2%
Of Mice and Men, The Grapes of Wrath
John Steinbeck
92.2%
Dracula
Bram Stoker
92.2%
Les Misérables, The Hunchback of Notre-
Dame
Victor Hugo
92.2%
Anna Karenina, War and Peace
Leo Tolstoy
92.1%
To Kill A Mockingbird
Harper Lee
92.1%
The Great Gatsby, This Side of Paradise
F. Scott Fitzgerald
91.4%
Catcher in the Rye
J.D. Salinger
91.4%
Frankenstein
Mary Shelley
90.6%
Huckleberry Finn
Mark Twain
90.6%
Animal Farm, 1984
George Orwell
89.7%
David Copperfield, Bleak House, Oliver Twist
Charles Dickens
89.2%
Alice's Adventures In Wonderland
Lewis Carroll
89.2%
The Jungle Book
Rudyard Kipling
88.8%
Moby Dick
Herman Melville
87.8%
The Scarlet Letter
Nathaniel Hawthorne
87.1%
The Picture of Dorian Gray
Oscar Wilde
87%
For Whom the Bell Tolls, A Farewell to Arms
Ernest Hemingway
86.3%
James and the Giant Peach
Roald Dahl
86.3%
Lord of the Flies
William Golding
85.6%
Wuthering Heights
Emily Brontë
82%
Slaughterhouse-
Five, Cat's Cradle
Kurt Vonnegut
81.9%
Jane Eyre
Charlotte Brontë
79.9%
Little Women
Louisa May Alcott
79.9%
Gone with the Wind
Margaret Mitchell
78.4%
Catch-
22
Joseph Heller
78.4%
The Metamorphosis
Franz Kafka
77.7%
Mrs. Dalloway, To the Lighthouse
Virginia Woolf
76.3%
Don Quixote
Miguel De Cervantes
75.5%
Charlotte's Web
EB White
75.5%
Gulliver's Travels
Jonathan Swift
74.8%
Twenty Thousand Leagues Under the Sea, Around the World in Eighty Days, Journey to the Center of the Earth
Jules Verne
74.1%
Robinson Crusoe
Daniel Defoe
72.7%
The Call of the Wild
Jack London
72.7%
The Handmaid's Tale
Margaret Atwood
71.6%
The Chronicles of Narnia
C.S. Lewis
71.2%
The Time Machine, The Invisible Man, War of Worlds
H. G. Wells
69.8%
Treasure Island, The Strange Case of Dr. Jekyll and Mr. Hyde, Kidnapped
Robert Louis Stevenson
68.3%
The Portrait of a Young Man as an Artist, Ulysses
James Joyce
68.3%
The Illustrated Man, Fahreheit 451
Ray Bradbury
67.6%
The Godfather
Mario Puzo
67.6%
Nostromo, Heart of Darkness
Joseph Conrad
66.9%
Uncle Tom's Cabin
Harriet Beecher Stowe
66.9%
Lolita
Vladimir Nabokov
66.2%
Work
Author
% Correct
Anne of Green Gables
L. M. Montgomery
65.5%
The Three Musketeers, The Count of Monte Cristo
Alexandre Dumas
64.7%
The Canterbury Tales
Geoffrey Chaucer
64%
Brave New World
Aldous Huxley
63.3%
The Red Badge of Courage
Stephen Crane
62.9%
Candide
Voltaire
60.4%
The Last of the Mohicans, The Leatherstocking Tales
James Fenimore Cooper
60.4%
In Cold Blood
Truman Capote
59%
The Stand
Stephen King
59%
The Wonderful Wizard of Oz
L. Frank Baum
58.3%
On the Road
Jack Kerouac
56.8%
The Outsiders
S. E. Hinton
56.1%
Silas Marner, Middlemarch
George Eliot
55.4%
As I Lay Dying
William Faulkner
55.4%
Paradise Lost
John Milton
54.7%
Where the Wild Things Are
Maurice Sendak
54.3%
Invisible Man
Ralph Ellison
54%
The Hitchhiker's Guide to the Galaxy
Douglas Adams
54%
Interview with the Vampire
Anne Rice
53.4%
The Divine Comedy
Dante Alighieri
53.2%
The Color Purple
Alice Walker
53.2%
Peter Pan
J.M. Barrie
53.2%
Madame Bovary
Gustave Flaubert
52.5%
A Clockwork Orange
Anthony Burgess
51.9%
The Portrait of a Lady, The Turn of the Screw
Henry James
50.4%
Jude the Obscure, Tess of the d'Urbervilles, and Far From the Maddening Crowd
Thomas Hardy
50.4%
The Human Comedy, Père Goriot
Honoré de Balzac
48.9%
A Passage to India
EM Forster
48.9%
Song of Solomon
Toni Morrison
48.9%
Vanity Fair
William Makepeace Thackeray
48.2%
Remembrance of Things Past (In Search of Lost Time
Marcel Proust
48.1%
The Plague, The Myth of Sisyphus, The Stranger
Albert Camus
47.5%
One Hundred Years of Solitude
Gabriel García Márquez
47.5%
Black Beauty
Anna Sewell
46.8%
Utopia
Thomas More
46.8%
The Girl with the Dragon Tattoo
Stieg Larsson
46.6%
The Giver
Lois Lowry
46.6%
The Tenant of Wildfell Hall
Anne Brontë
45.4%
The Jungle
Upton Sinclair
45.3%
Things Fall Apart
Chinua Achebe
45.3%
The Wind in the Willows
Kenneth Grahame
44.6%
The Lottery
Shirley Jackson
43.9%
The Brothers Karamazov
Fyodor Dostoevsky
42.4%
Haroun and the Sea of Stories, The Satanic Verses
Salman Rushdie
42.4%
Life of Pi
Yann Martel
42.2%
Work
Author
% Correct
The Big Sleep
Raymond Chandler
41.7%
The Iceman Cometh
Eugene O'Neill
41.4%
One Flew Over the Cuckoo's Nest
Ken Kesey
40.5%
Pilgrim's Progress
John Bunyan
40.3%
The Song of Hiawatha, Evangeline
Henry Wadsworth Longfellow
40.3%
Atonement
Ian McEwan
40.3%
Night
Eile Wiesel
39.7%
The Secret Garden
Frances Hodgson Burnett
38.8%
Ethan Frome
Edith Wharton
38.1%
Mary Poppins
P. L. Travers
38%
Ender's Game
Orson Scott Card
37.9%
The Silence of the Lambs
Thomas Harris
36.7%
Foundation
Isaac Asimov
36%
A Separate Peace
John Knowles
35.5%
Dead Souls
Nikolai Gogol
35.3%
The Woman in White
Wilkie Collins
34.5%
Holes
Louis Sachar
34.5%
American Gods
Neil Gaiman
33.8%
The Social Contract
Jean-Jacques Rousseau
30.6%
American Pastoral
Philip Roth
29.5%
Spoon River Anthology
Edgar Lee Masters
28.8%
Northern Lights
Philip Pullman
28.1%
Memoirs of a Geisha
Arthur Golden
27.6%
Clarissa
Samuel Richardson
27.3%
The Book Thief
Markus Zusak
26.7%
The New York Trilogy
Paul Auster
26.6%
If on a Winter's Night a Traveller
Italo Calvino
25.9%
The Witch of Blackbird Pond
Elizabeth Speare
25.2%
The Executioner's Song
Norman Mailer
25.2%
Eragon
Christopher Paolini
24.1%
V for Vendetta
Alan Moore
23.7%
All Creatures Great and Small
James Herriot
21.5%
An Artist of the Floating World
Kazuo Ishiguro
20.9%
A High Wind in Jamaica
Richard Hughes
20.6%
The Yearling
Marjorie Kinnan Rawlings
20.4%
Sybil
Benjamin Disraeli
19.4%
Cloud Atlas
David Mitchell
18.7%
A Bell for Adano
John Hersey
18.7%
The Devil's Dictionary
Ambrose Bierce
16.5%
Nightmare Abbey
Thomas Love Peacock
15.8%
LA Confidential
James Ellroy
15.8%
The Riddle of the Sands
Erskine Childers
15.1%
Babar the Elephant
Jean de Brunhoff
13.9%
The Velvet Room
Zilpha Keatley Snyder
13.1%
Quiz Playlist
Details
Report
Send in Message
Add To Playlist
Classic:
Type in answers that appear in a list
Forced Order:
Answers have to be entered in order
Random Order:
Randomize order of answers
Quiz Source
Last Updated: Nov 13, 2019
Quiz Scoreboard
CHALLENGE
Sign Up to Join the Scoreboard
Show All
Scores
Hide
Comments
May contain spoilers
Recently Published
Find the 'City' Movie
by crazypaving
Movies
60s
5x2 Blitz: Bands
by SL_Kpop136
Music
30s
Colored Red Africa Blitz
by spor1
Geography
30s
More to Explore
Quiz From the Vault
Featured Blog Post
14 Easter Pick-up Lines to Find Eggs With
hide this ad
You Might Also Like...
Tags
Author Quiz
Famous Quiz
Today's Top Quizzes in Literature
Browse Literature
hide this ad
Today's Top Quizzes in Famous
Browse Famous
Top Contributed Quizzes in Literature
1
Sneaky Slytherin Logic Puzzle
2
Mini Trivia Sudoku: A Song of Ice and Fire
3
The Hunger Games Logic Puzzle: Find Katniss
4
One Thing in Common: Literature II
5
Harry Potter Clickable Logic Puzzle #4
6
A Harry Potter Logic Puzzle
7
Harry Potter Video Game Releases
8
Pick 3: Harry Potter Classmates
9
Click the Dead Men
10
Silmarillion Characters by Any 3 Letters
Explore More
Trending Topics
Disney
Anime
Marvel
Crossword
NBA
Kpop
Harry Potter
Pokémon
The Office
NFL
Soccer
Puzzle
WWE
Song
Country
hide this ad
More By:
handofblood
Quiz
Plays
Rating
Category
Featured
Created
Famous Operas (Description and Composer)
166
5.00
Music
Sep 12, 2019
Famous Authors and Works
140
Literature
Sep 12, 2019
Famous Composers
127
Music
Jan 17, 2018
Greek and Roman Mythology
118
5.00
Religion
Aug 28, 2018
Famous Plays and Playwrights
103
3.50
Literature
Sep 21, 2019
Go to Creator's Profile
Score Distribution
Quiz Creator Spotlight
handofblood
Follow
Send a Message
Quizzes Created
-
Created Quiz Play Count
-
More By This Creator
Popular Quizzes Today
1
Find the 'City' Movie
2
Colored Red Africa Blitz
3
5x2 Blitz: Bands
4
Find the US States - No Outlines Minefield
5
The Countries of the World
6
Find the US States
7
US States
8
9x9 Crossword: Cartoon Network
More Literature Quizzes
Game of Thrones: Hodor
Curator's Pick
Trending Quizzes
Colored Red Europe Blitz I
Colored Red Africa Blitz II
Colored Red Europe Blitz II
Colored Red Europe Blitz III
Colored Red Africa Blitz III
Recently Updated
Famous TV Couples
Peacemaker
Champions League XIs: Real Madrid
pecheneg
Largest US Cities 1790-2010
pecheneg
Rides in Walt Disney World
pecheneg
Most Oscar Losses (Acting)
pecheneg
Beyoncé Albums
pecheneg
Leaping Animals
pecheneg
Reality TV Shows (A-Z)
bhenderson79
Rickey Henderson's Hall of Fame Teammates
pecheneg
Champions League XIs: Arsenal
pecheneg
Trending Topics
Harry Potter
Marvel
Crossword
Anime
Kpop
NBA
Disney
NFL
Soccer
Song
Country
Puzzle
WWE
Pokémon
The Office
Your Account Isn't Verified!
In order to create a playlist on Sporcle, you need to verify the email address you used during registration. Go to your
Sporcle Settings
to finish the process.
Report this User
Report this user for behavior that violates our
Community Guidelines
.
Details:
Send Report
Go to the Sporcle.com Mobile Site →
Comments